| 000 | 01106nam a22002537a 4500 | ||
|---|---|---|---|
| 005 | 2008080605085.0 | ||
| 008 | 080806t xxu||||| |||| 00| 0 hin d | ||
| 010 | _aHIN-83883 | ||
| 020 | _c150.00 | ||
| 035 | _aHN-56229 | ||
| 037 | _bDBAD / PUB | ||
| 040 |
_aDPL _bHN |
||
| 082 | _a370.954 | ||
| 100 | _aशंकर विजयवर्गीय | ||
| 245 |
_aभारतीय शिक्षा का इतिहास / _cशंकर विजयवर्गीय |
||
| 246 |
_aBharteeya Shiksha ka Itihas _bby Shankar Vijayvargiya |
||
| 260 |
_aदिल्ली _bराजपाल एंड संज _c2005 |
||
| 270 |
_aकश्मीरी गेट _bदिल्ली _e110006 |
||
| 300 |
_a136पृ _c22सेमी (सजिल्द) |
||
| 650 |
_aशिक्षा _zभारत |
||
| 650 |
_aEducation _zIndia |
||
| 942 |
_2ddc _cHN _h370.954 _mशंकर |
||
| 999 |
_c14740 _d14740 |
||